000 00701nam a2200229Ia 4500
003 GCL
008 140319s9999 xx 000 0 ara d
040 _aGCL /
_cGCL
082 0 4 _a891.7
_bب ح
100 1 _aدرينى خشبة
245 1 0 _aحاملة المصباح /
_cدرينى خشبة
700 1 _aصالح زكى
700 1 _aبركلى، ريجونولد
700 1 _aعلى فهمى
300 _a28 ص
490 _aروائع المسرح العالمى
_v0
650 0 4 _aالادب الروسى
650 0 4 _aالمسرحيات الروسية
650 0 4 _aالادب المترجم للعربية
650 0 4 _aالمسرح الروسى المترجم
942 _2ddc
_cBK
999 _c50690
_d50690